Decorative boarders
| Format: | Book |
|---|---|
| Language: | English |
| Published: |
Cincinnati, OH :
F & W Publ. ,
c1994
|
| Subjects: |
MARC
| LEADER | 00000cam a2200000 7i4500 | ||
|---|---|---|---|
| 001 | 0000000816 | ||
| 005 | 20230615.0 | ||
| 008 | 991124 ohu eng | ||
| 020 | |a 0891345558 (pbk) | ||
| 040 | |a INS | ||
| 090 | 0 | 0 | |a NK1530. |b G5 1994 |
| 245 | 1 | 0 | |a Decorative boarders |
| 260 | |a Cincinnati, OH : |b F & W Publ. , |c c1994 | ||
| 300 | |a 1 v. (various pagings) : |b ill. ; |c 28 cm. | ||
| 650 | 0 | |a Design decorative | |
| 999 | |a 0000006602 |b BOOK |c Open Shelf |e Default branch | ||